United States Tile Select Quiz - Statistics

General Stats
  • This quiz has been taken 772 times
    728 since last reset
  • The average score is 65 of 80
Answer Stats
Question Tile Select % Correct
U.S. states Alaska Yes
100%
U.S. states Florida Yes
100%
U.S. states Hawaii Yes
100%
U.S. states Alberta No
99%
U.S. states Baja California No
99%
U.S. states California Yes
99%
U.S. states Kansas Yes
99%
U.S. states Nevada Yes
99%
U.S. states Pennsylvania Yes
99%
U.S. states Tennessee Yes
99%
U.S. states Texas Yes
99%
U.S. states West Virginia Yes
99%
U.S. states Wyoming Yes
99%
U.S. states Maine Yes
98%
U.S. states Puerto Rico No
98%
U.S. states District of Columbia No
96%
U.S. presidents George H. W. Bush Yes
96%
U.S. presidents George Washington Yes
96%
U.S. presidents Bernie Sanders No
95%
U.S. presidents Joe Biden Yes
95%
U.S. presidents Ronald Reagan Yes
95%
U.S. presidents Al Gore No
94%
U.S. overseas territories Greenland No
94%
U.S. overseas territories Hong Kong No
94%
U.S. overseas territories Gibraltar No
93%
U.S. presidents John Kerry No
93%
U.S. presidents Thomas Paine No
93%
U.S. overseas territories Cuba No
91%
U.S. state capitals Sacramento Yes
91%
U.S. state capitals San Francisco No
91%
U.S. presidents John Davis No
90%
U.S. state capitals Los Angeles No
90%
U.S. state capitals Miami No
90%
U.S. overseas territories Micronesia No
90%
U.S. presidents Robert E. Lee No
90%
U.S. overseas territories Easter Island No
89%
U.S. state capitals New York City No
89%
U.S. overseas territories Puerto Rico Yes
89%
U.S. presidents Stephen Douglas No
89%
U.S. overseas territories St. Vincent and the Grenadines No
89%
U.S. overseas territories Bahamas No
88%
U.S. overseas territories Guam Yes
87%
U.S. presidents Ulysses S. Grant Yes
87%
U.S. presidents James Monroe Yes
86%
U.S. state capitals Victoria No
86%
U.S. state capitals Tallahassee Yes
85%
U.S. state capitals Des Moines Yes
84%
U.S. state capitals Juneau Yes
84%
U.S. state capitals Olympia Yes
82%
U.S. state capitals Carson City Yes
81%
U.S. state capitals Baton Rouge Yes
80%
U.S. cities with a population under 1,000,000 (by city proper) New York City No
80%
U.S. cities with a population under 1,000,000 (by city proper) Chicago No
79%
U.S. cities with a population under 1,000,000 (by city proper) Los Angeles No
79%
U.S. state capitals Seattle No
79%
U.S. state capitals Augusta Yes
78%
U.S. overseas territories Bermuda No
78%
U.S. cities with a population under 1,000,000 (by city proper) Houston No
78%
U.S. state capitals Harrisburg Yes
77%
U.S. presidents Rutherford B. Hayes Yes
77%
U.S. presidents James K. Polk Yes
76%
U.S. cities with a population under 1,000,000 (by city proper) Philadelphia No
74%
U.S. presidents Benjamin Franklin No
71%
U.S. state capitals Jacksonville No
68%
U.S. overseas territories Northern Mariana Islands Yes
68%
U.S. cities with a population under 1,000,000 (by city proper) San Diego No
67%
U.S. cities with a population under 1,000,000 (by city proper) El Paso Yes
66%
U.S. cities with a population under 1,000,000 (by city proper) Columbus Yes
65%
U.S. overseas territories Midway Atoll Yes
62%
U.S. cities with a population under 1,000,000 (by city proper) Baltimore Yes
57%
U.S. cities with a population under 1,000,000 (by city proper) San Antonio No
56%
U.S. cities with a population under 1,000,000 (by city proper) Indianapolis Yes
54%
U.S. cities with a population under 1,000,000 (by city proper) Austin No
50%
U.S. cities with a population under 1,000,000 (by city proper) San Jose No
48%
U.S. overseas territories Johnston Atoll Yes
45%
U.S. cities with a population under 1,000,000 (by city proper) Denver Yes
44%
U.S. overseas territories Wake Island Yes
43%
U.S. overseas territories Kingman Reef Yes
33%
U.S. cities with a population under 1,000,000 (by city proper) Boston Yes
32%
U.S. cities with a population under 1,000,000 (by city proper) Seattle Yes
31%
No matching quizzes found
Score Distribution
Percent of People with Each Score
Percentile by Number Answered
Your Score History
You have not taken this quiz since the last reset